840 The reinsurance market : (Record no. 158437)

MARC details
000 -LEADER
fixed length control field 00674nam a2200217 a 4500
008 - FIXED-LENGTH DATA ELEMENTS--GENERAL INFORMATION
fixed length control field
020 ## - INTERNATIONAL STANDARD BOOK NUMBER
International Standard Book Number 1853690678 (hbk.)
049 ## - LOCAL HOLDINGS (OCLC)
Holding library MAIN
090 ## - LOCALLY ASSIGNED LC-TYPE CALL NUMBER (OCLC); LOCAL CALL NUMBER (RLIN)
Classification number (OCLC) (R) ; Classification number, CALL (RLIN) (NR) HG8083
Local cutter number (OCLC) ; Book number/undivided call number, CALL (RLIN) CHA
003 - CONTROL NUMBER IDENTIFIER
control field
005 - DATE AND TIME OF LATEST TRANSACTION
control field 20230123134016.0
040 ## - CATALOGING SOURCE
Transcribing agency NUST
110 ## - MAIN ENTRY--CORPORATE NAME
Corporate name or jurisdiction name as entry element The Chatered Insurance Institute.
245 #0 - TITLE STATEMENT
Title 840 The reinsurance market :
Remainder of title supplementary note
Number of part/section of a work May 1993 /
Statement of responsibility, etc. The chartered Insurance Institute.
260 ## - PUBLICATION, DISTRIBUTION, ETC.
Place of publication, distribution, etc. s.l. :
Name of publisher, distributor, etc. The Chartered Insurance Institute,
Date of publication, distribution, etc. c1991.
300 ## - PHYSICAL DESCRIPTION
Extent Various pagings ;
Dimensions 30 cm.
500 ## - GENERAL NOTE
General note Includes index.
650 ## - SUBJECT ADDED ENTRY--TOPICAL TERM
Topical term or geographic name entry element Reinsurance
907 ## - LOCAL DATA ELEMENT G, LDG (RLIN)
a .b10158376
b 08-04-15
c 09-03-05
942 ## - ADDED ENTRY ELEMENTS (KOHA)
Koha item type Ordinary Loan Books
Call number prefix HG8083
Call number suffix CHA
Holdings
Date last seen Total Checkouts Full call number Barcode Cost, replacement price Price effective from Koha item type Lost status Source of classification or shelving scheme Damaged status Not for loan Collection Withdrawn status Home library Current library Shelving location Date acquired Cost, normal purchase price
01/23/2023 6 HG8083 REI 92003008023 80.00 01/23/2023 BOOKS   LCC     NFIC   MAIN MAIN GEN 01/23/2023 80.00